| 000 | 00408nam a2200157 a 4500 | ||
|---|---|---|---|
| 001 | 1091 | ||
| 003 | CDMR | ||
| 005 | 20130116135200.0 | ||
| 008 | 130130s1992||||||||||||||||||||||||||||d | ||
| 040 |
_aCDMR _bcat _cCPC GIRONA |
||
| 100 | 1 |
_aMolas, Isidre _9858 |
|
| 245 | 1 | 3 |
_aEl socialisme de la llibertat _cMolas, Isidre |
| 260 |
_c1992 _bPolítiques / Edicions 62 |
||
| 490 | 0 |
_aPolítiques _v12 _9117 |
|
| 942 | _cMON | ||
| 999 |
_c1091 _d1091 |
||